तुलसीदास : व्यक्ति और रचना संदर्भ / (Record no. 119978)
[ view plain ]
| 000 -LEADER | |
|---|---|
| fixed length control field | 01463nam a22002777a 4500 |
| 005 - DATE AND TIME OF LATEST TRANSACTION | |
| control field | 20170124103151.0 |
| 010 ## - LIBRARY OF CONGRESS CONTROL NUMBER | |
| LC control number | 769596 |
| 020 ## - INTERNATIONAL STANDARD BOOK NUMBER | |
| Terms of availability | 15.00 |
| 035 ## - SYSTEM CONTROL NUMBER | |
| System control number | 769596 |
| 037 ## - SOURCE OF ACQUISITION | |
| Source of stock number/acquisition | Cen Lib/Ret |
| 040 ## - CATALOGING SOURCE | |
| Original cataloging agency | DPL |
| Language of cataloging | HN |
| 082 ## - DEWEY DECIMAL CLASSIFICATION NUMBER | |
| Classification number | 821.08 |
| Item number | तुलसी |
| 245 ## - TITLE STATEMENT | |
| Title | तुलसीदास : व्यक्ति और रचना संदर्भ / |
| Statement of responsibility, etc | सम्पादक भगवतीप्रसाद सिंह ; अनुवादक शान्ता सिंह [और] भुवनेश्वरनाथ पाण्डेय |
| 246 ## - VARYING FORM OF TITLE | |
| Title proper/short title | Tulsidas : vyakti aur rachna sandarbh / |
| Remainder of title | sampadak Bhagwatiprasad Singh ; anuvadak Shanta Singh [aur] Bhuvneshwar Pandey |
| 260 ## - PUBLICATION, DISTRIBUTION, ETC. (IMPRINT) | |
| Place of publication, distribution, etc | दिल्ली |
| Name of publisher, distributor, etc | राजकमल प्रकाशन |
| Date of publication, distribution, etc | 1975 |
| 270 ## - ADDRESS | |
| City | दिल्ली |
| Address | 8, नेताजी सुभाष मार्ग |
| Postal code | 110006 |
| 300 ## - PHYSICAL DESCRIPTION | |
| Extent | 148पृ. |
| Dimensions | 17सेमी(सजिल्द) |
| 650 ## - SUBJECT ADDED ENTRY--TOPICAL TERM | |
| Topical term or geographic name as entry element | हिन्दी -- साहित्य |
| 9 (RLIN) | 87945 |
| 650 ## - SUBJECT ADDED ENTRY--TOPICAL TERM | |
| Topical term or geographic name as entry element | हिन्दी -- तुलसीदास -- रचना |
| 9 (RLIN) | 1283 |
| 650 ## - SUBJECT ADDED ENTRY--TOPICAL TERM | |
| Topical term or geographic name as entry element | Hindi literature |
| 9 (RLIN) | 87946 |
| 650 ## - SUBJECT ADDED ENTRY--TOPICAL TERM | |
| Topical term or geographic name as entry element | Hindi - Tulsidas - Composition |
| 9 (RLIN) | 87947 |
| 700 ## - ADDED ENTRY--PERSONAL NAME | |
| Personal name | भगवतीप्रसाद सिंह |
| 9 (RLIN) | 3849 |
| 700 ## - ADDED ENTRY--PERSONAL NAME | |
| Personal name | सिंह, शान्ता |
| 9 (RLIN) | 87948 |
| 700 ## - ADDED ENTRY--PERSONAL NAME | |
| Personal name | पाण्डेय, भुवनेश्वरनाथ |
| 9 (RLIN) | 87949 |
| 942 ## - ADDED ENTRY ELEMENTS (KOHA) | |
| Source of classification or shelving scheme | Dewey Decimal Classification |
| Koha item type | Hindi Books |
| Classification part | 821.08 |
| Call number suffix | तुलसी |
| Withdrawn status | Lost status | Damaged status | Not for loan | Home library | Current library | Date acquired | Source of acquisition | Cost, normal purchase price | Total Checkouts | Full call number | Barcode | Date last seen | Copy number | Cost, replacement price | Price effective from | Koha item type |
|---|---|---|---|---|---|---|---|---|---|---|---|---|---|---|---|---|
| Central Library | Central Library | 19/09/2015 | Cen Lib/Ret | 15.00 | 821.08 तुलसी | 769596 | 19/09/2015 | 1 | 15.00 | 19/09/2015 | Hindi Books |
